000 00744nam a22002531 4500
001 20960
003 BD-RjUL
005 20211209000631.0
008 140302s1965 enk 000 1 eng
035 _a(BD-RjUL)21022
040 _aDLC
_cDLC
_dBD-RjUL
_beng
041 _aeng
082 0 4 _a822.8
_bSHT 1965
100 1 _aShirley, James
_d1596-1666.
_964755
245 1 4 _aThe traitor /
_cJames Shirley, Edited by John Stewart Carter.
260 _aLondon :
_bEdward Arnold,
_cc1965.
300 _axviii, 111 p. ;
_c22 cm.
490 0 _aRegents Renaissance drama series
650 _aEnglish Drama
_964756
700 1 _aCarter, John Stewart
_d1911-1965,
_eed.
_964757
942 _2ddc
_cBK
999 _c20960
_d20960